meubles / objets par images - Statistiques

Statistiques générales
  • Ce quiz a été pris 339 fois
  • Le résultat moyen est 7 sur 9
Statistiques - réponses
Par images Réponse % Correct
chaise
100%
table
100%
canapé
99%
lit
98%
fauteuil
94%
armoire/penderie
85%
commode
77%
table de nuit
52%
étagère
43%
Aucun quiz correspondant
Distribution des résultats
% des personnes avec chaque résultat
Percentile par nombre de réponses
Votre historique - résultats
Vous n’avez pas pris ce quiz